Statistics for Countries That Use 4 Different Vowels

Click here to take the quiz!

General Stats

  • This quiz has been taken 10 times
  • The average score is 11 of 27

Answer Stats

Answer% Correct
United Kingdom
89%
Central African Republic
67%
Federated States of
Micronesia
67%
Republic of the Congo
67%
Bosnia and
Herzegovina
56%
Indonesia
56%
Papua New Guinea
56%
South Africa
56%
United Arab Emirates
56%
Georgia
44%
Guinea
44%
Guinea-Bissau
44%
South Korea
44%
Burkina Faso
33%
North Macedonia
33%
São Tomé and Príncipe
33%
Turkmenistan
33%
Uzbekistan
33%
Ecuador
22%
Ethiopia
22%
Sierra Leone
22%
Slovenia
22%
Ukraine
22%
East Timor
11%
Estonia
11%
Ivory Coast
11%
Suriname
11%

Score Distribution

Percentile by Number Answered

Percent of People with Each Score

Your Score History

You have not taken this quiz